00951nam a2200229 i 450000100060000000300090000600500170001500700030003200800410003510000360007624501550011226000490026730000300031649000380034670000260038470000350041071000340044583000710047985200320055099900170058295201220059999185ES-MaACL20250826084008.0t|050902s1973 sp ||||1| spa d1 aMartín Duque, Angel J.97747710aPeajes navarros b: Pamplona (1351), Tudela (1365), Sangüesa (1362), Carcastillo (1362) / cA. J. Martín Duque, J. Zabalegui, J. Carrasco Pérez. aPamplona : bUniversidad de Navarra, c1973. a199 p. : bil. ; c25 cm.1 aCuadernos de Trabajos de Historia1 aZabalegui, J.91177951 aCarrasco Pérez, Juan.9355642 aUniversidad de Navarra.9725200aCuadernos de trabajos de historia (Universidad de Navarra)9232381 aES-MaACLjC-52314 bR.85808 c99185d99185 00104070aATENEOMbATENEOMcDEPO2d2008-01-17eSCl0oC-52314p1103566r2023-02-23 00:00:00w2023-02-23yMONOGRAFIA